2025/26 Torschützenkönige der Bundesliga - Statistiken

Allgemein
  • Dieses Quiz wurde 35 mal gespielt
  • Das Durchschnittsergebnis liegt bei 16 aus 19
Antwortstatistiken
Goals Team Country Goalscorer % Korrekt
36 FC Bayern München England Harry Kane
100%
14 TSG 1899 Hoffenheim Croatia Andrej Kramaric
97%
19 VfB Stuttgart Germany Deniz Undav
97%
15 FC Bayern München Colombia Luis Díaz
97%
15 FC Bayern München France Michael Olise
97%
16 Bayer Leverkusen Czech Republic Patrik Schick
97%
17 Borussia Dortmund Guinea Serhou Guirassy
97%
13 1. FC Köln Germany Said El Mala
94%
12 VfB Stuttgart Bosnia and Herzegovina Ermedin Demirovic
91%
12 1. FSV Mainz 05 Germany Nadiem Amiri
89%
13 RB Leipzig Austria Christoph Baumgartner
86%
10 SV Werder Bremen Denmark Jens Stage
83%
12 RB Leipzig Ivory Coast Yan Diomande
83%
13 Borussia Mönchengladbach Bosnia and Herzegovina Haris Tabakovic
80%
13 Eintracht Frankfurt Germany Jonathan Burkardt
77%
9 Borussia Dortmund Germany Maximilian Beier
77%
11 SC Freiburg Croatia Igor Matanovic
71%
10 TSG 1899 Hoffenheim Kosovo Fisnik Asllani
69%
9 RB Leipzig Brazil Rômulo
60%
Keine übereinstimmenden Quizze gefunden
Verteilung der Resultate
Anzahl Personen mit jedem Resultat
Perzentil nach korrekt beantworteten Fragen
Ihre Resultats-Entwicklung
Sie haben dieses Quiz noch nicht gespielt